000 00694nam a2200181 i 4500
001 187952
003 ES-MaACL
005 20250727062621.0
008 180328s1892 sp |||| | spa d
100 1 _aBotella, Cristóbal,
_d1867-1921
_930745
245 1 0 _aConferencia pronunciada por Cristóbal Botella el dia 9 de marzo de 1890
_b: las manifestaciones socialistas del 1º de Mayo.
260 _a[S.l.] :
_b[s.n.],
_c1892 (
_eMadrid :
_fEst. tip. de "El Liberal")
300 _a32 p. ;
_c23 cm.
594 _aPrecede al título: Circulo de la Unión Mercantil e Industrial.
650 0 7 _aSocialismo
_2embne
_917147
852 _aES-MaACL
_jF-13197(5)
999 _c187952
_d187952